The camera never blinks : adventures of a TV journalist /

Bibliographic Details
Main Author: Rather, Dan
Other Authors: Herskowitz, Mickey
Format: Book
Language:English
Published: New York : W. Morrow, 1977.
Subjects:

MARC

Tag First Indicator Second Indicator Subfields
LEADER 00000cam a2200000 i 4500
001 in00000336335
005 20151011055109.0
008 770525s1977 nyu 00010aeng
010 |a  77076017  
020 |a 0688031846 :  |c $10.00 
035 |a (OCoLC)02975695 
035 |9 ABM2160AM 
040 |a DLC  |c DLC  |d TXA  |d UtOrBLW 
043 |a n-us--- 
049 |a TXAM  |c [973964] 
050 0 0 |a PN4874.R28  |b A33 
082 0 |a 070.4/092/4  |a B 
100 1 |a Rather, Dan. 
245 1 4 |a The camera never blinks :  |b adventures of a TV journalist /  |c by Dan Rather, with Mickey Herskowitz. 
264 1 |a New York :  |b W. Morrow,  |c 1977. 
300 |a 320 pages ;  |c 25 cm. 
336 |a text  |b txt  |2 rdacontent 
337 |a unmediated  |b n  |2 rdamedia 
338 |a volume  |b nc  |2 rdacarrier 
500 |a Includes index. 
536 |a Donated to the Texas A&M University Library by Captain John Box, September 2001. 
600 1 0 |a Rather, Dan. 
650 0 |a Journalists  |z United States  |v Biography. 
650 0 |a Television broadcasting of news  |z United States. 
700 1 |a Herskowitz, Mickey. 
999 |a MARS 
999 f f |s 17186d1b-8356-3e93-8054-6f19a984c494  |i 31335d3c-d4a1-3a03-a409-1869a39ceadc  |t 0 
952 f f |p ric  |a Texas A&M University  |b Rellis Campus  |c Joint Library Facility  |s JLF  |d Remote Storage  |t 0  |e PN4874.R28 A33  |h Library of Congress classification  |i unmediated -- volume  |m A14828451905 
998 f f |a PN4874.R28 A33  |t 0  |l Remote Storage